Thiết kế máy điện /

Sách được bố cục theo trình tự giảng dạy gồm 17 chương, trong đó chín chương đầu nói về các vấn đề chung cho các loại máy điện như các xác định kích thước chủ yếu, dây quấn, tính mạch từ, tham số, tổn hao, thông gió và phát nhiệt, tính...

ver descrição completa

Na minha lista:
Detalhes bibliográficos
Autor principal: Trần Khánh Hà
Outros Autores: Nguyễn Hồng Thanh
Formato: Livro
Idioma:Vietnamese
Publicado em: H. : Khoa học và Kỹ thuật , 2006
Edição:Tái bản lần thứ 4
Assuntos:
Tags: Adicionar Tag
Sem tags, seja o primeiro a adicionar uma tag!
Thư viện lưu trữ: Thư viện Trường CĐ Kỹ Thuật Cao Thắng
LEADER 01954nam a2200277 a 4500
001 TVCDKTCT6285
003 Thư viện trường Cao đẳng Kỹ thuật Cao Thắng
005 20220930102210.000
008 070102
980 \ \ |a Thư viện Trường CĐ Kỹ Thuật Cao Thắng 
024 |a RG_1 #1 eb0 i1 i5 
041 0 # |a vie 
082 # # |a 621.313 /   |b TH308K-t 
100 1 # |a Trần Khánh Hà 
245 0 0 |a Thiết kế máy điện /   |c Trần Khánh Hà, Nguyễn Hồng Thanh 
250 # # |a Tái bản lần thứ 4 
260 # # |a H. :   |b Khoa học và Kỹ thuật ,   |c 2006 
300 # # |a 679tr. ;   |c 21cm 
520 # # |a Sách được bố cục theo trình tự giảng dạy gồm 17 chương, trong đó chín chương đầu nói về các vấn đề chung cho các loại máy điện như các xác định kích thước chủ yếu, dây quấn, tính mạch từ, tham số, tổn hao, thông gió và phát nhiệt, tính toán cơ khí cho các kết cấu cơ bản. Bốn chương tiếp theo đi sâu vào thiết kế bốn loại máy điện cơ bản là máy điện không đồng bộ, máy điện một chiều và máy biến áp, kèm theo thí dụ có tính toán. Bốn chương cuối nêu cách sử dụng máy tính để thiết kế máy điện, các mô hình toán và các phương pháp lập trình tính toán tự động và tối ưu, đồng thời xét đến sai số công nghệ của các đầu ra. 
650 # 4 |a Máy điện 
653 # # |a Electric Machines 
653 # # |a Industrial Electrical Engineering 
700 0 # |a Nguyễn Hồng Thanh 
721 # # |a CNKT Điện 
841 # # |b Kho Sách   |j 100019368, 100019378, 100019393 
841 # # |b Kho Tra Cứu   |j 500001947, 500002144